00775caa a22001332a 4500001000900000003001100009008004300020100002200063245005300085300001400138500016700152773016000319773016200479 015062 AR-FADEU 311216n########xxu####################dd aBaraja, Francisco aA la señorita doña Manuelita Rosas y Ezcurra aPP. 61-62 aEn: La época de Rosas : M. Sastre, J. B. Alberdi, E. Echeverría : antología / comp. Félix Weinberg. Buenos Aires : Centro Editor de América Latina, 19790 06630aWeinberg, Félix, comp.bdBuenos Aireso19tLa época de Rosas : M. Sastre, J. B. Alberdi, E. Echeverría : antologíaw( AR-FADEU) 000790xz0 06630aWeinberg, Félix, comp.bdBuenos Aireso8610tLa época de Rosas : M. Sastre, J. B. Alberdi, E. Echeverría : antologíaw( AR-FADEU) 000790xz